| 000 | 00756nam a22002057a 4500 | ||
|---|---|---|---|
| 005 | 20240530110606.0 | ||
| 008 | 161106s1989 ua fh f 000 0 ara d | ||
| 017 |
_a1677 _bمصر. دار الكتب |
||
| 020 | _a9772223572 | ||
| 040 |
_aEG-CaGPL _cEG-CaGPL |
||
| 082 |
_221 _a723.3\ _bم أ |
||
| 100 | 0 | _aمحمود ابراهيم حسين | |
| 245 | 1 | 2 |
_aالانا الفاعلة فى الفن و العمارة الاسلامية / _cمحمود ابراهيم حسين |
| 260 |
_aالقاهرة : _bالمؤلف ، _c1989. |
||
| 300 |
_a820 + 59 ص. : _bايض ؛ _c24 سم. |
||
| 650 |
_2qrmak _aالعمارة الاسلامية |
||
| 650 |
_2qrmak _aالفن الاسلامى |
||
| 942 |
_2ddc _cBK |
||
| 999 |
_c62770 _d62770 |
||